<?xml version="1.0" encoding="UTF-8"?><record xmlns="http://www.loc.gov/MARC21/slim" xmlns:zs="http://docs.oasis-open.org/ns/search-ws/sruResponse">
  <leader>03676cas a2200733 a 4500</leader>
  <controlfield tag="001">12497793</controlfield>
  <controlfield tag="005">20251016104803.0</controlfield>
  <controlfield tag="008">870416d19431943caudn ne     f0   a0eng  </controlfield>
  <datafield ind1=" " ind2=" " tag="010">
    <subfield code="a">sn 87062142 </subfield>
  </datafield>
  <datafield ind1=" " ind2=" " tag="019">
    <subfield code="a">1374075950</subfield>
  </datafield>
  <datafield ind1="0" ind2=" " tag="022">
    <subfield code="a">3069-1648</subfield>
    <subfield code="2">1</subfield>
  </datafield>
  <datafield ind1="1" ind2=" " tag="029">
    <subfield code="a">AU@</subfield>
    <subfield code="b">000022913097</subfield>
  </datafield>
  <datafield ind1=" " ind2=" " tag="035">
    <subfield code="a">(OCoLC)15540882</subfield>
  </datafield>
  <datafield ind1=" " ind2=" " tag="040">
    <subfield code="a">DLC</subfield>
    <subfield code="b">eng</subfield>
    <subfield code="c">DLC</subfield>
    <subfield code="d">CNK</subfield>
    <subfield code="d">CVF</subfield>
    <subfield code="d">DLC</subfield>
    <subfield code="d">WAU</subfield>
    <subfield code="d">CGU</subfield>
    <subfield code="d">NYS</subfield>
    <subfield code="d">DLC</subfield>
    <subfield code="d">OCLCQ</subfield>
    <subfield code="d">OCLCF</subfield>
    <subfield code="d">CRL</subfield>
    <subfield code="d">OCL</subfield>
    <subfield code="d">OCLCA</subfield>
    <subfield code="d">WAU</subfield>
    <subfield code="d">DLC</subfield>
    <subfield code="d">OCL</subfield>
    <subfield code="d">OCLCL</subfield>
    <subfield code="d">DLC</subfield>
    <subfield code="d">OCLCL</subfield>
    <subfield code="d">YUS</subfield>
  </datafield>
  <datafield ind1="0" ind2=" " tag="041">
    <subfield code="a">eng</subfield>
    <subfield code="a">jpn</subfield>
  </datafield>
  <datafield ind1=" " ind2=" " tag="042">
    <subfield code="a">pcc</subfield>
    <subfield code="a">nsdp</subfield>
  </datafield>
  <datafield ind1=" " ind2=" " tag="043">
    <subfield code="a">n-us-ca</subfield>
  </datafield>
  <datafield ind1="0" ind2="0" tag="050">
    <subfield code="a">Newspaper</subfield>
  </datafield>
  <datafield ind1="0" ind2="0" tag="082">
    <subfield code="a">940.531773089956</subfield>
    <subfield code="2">23/eng/20250904</subfield>
  </datafield>
  <datafield ind1=" " ind2="0" tag="222">
    <subfield code="a">Tulean dispatch daily</subfield>
    <subfield code="b">(Print)</subfield>
  </datafield>
  <datafield ind1="0" ind2="0" tag="245">
    <subfield code="a">Tulean dispatch daily.</subfield>
  </datafield>
  <datafield ind1="3" ind2="0" tag="246">
    <subfield code="a">Tulean dispatch</subfield>
  </datafield>
  <datafield ind1=" " ind2=" " tag="260">
    <subfield code="a">Newell, Calif. :</subfield>
    <subfield code="b">[War Relocation Authority],</subfield>
    <subfield code="c">1943.</subfield>
  </datafield>
  <datafield ind1=" " ind2=" " tag="300">
    <subfield code="a">3 v.</subfield>
  </datafield>
  <datafield ind1=" " ind2=" " tag="310">
    <subfield code="a">Daily (except Sunday)</subfield>
  </datafield>
  <datafield ind1=" " ind2=" " tag="336">
    <subfield code="a">text</subfield>
    <subfield code="b">txt</subfield>
    <subfield code="2">rdacontent</subfield>
  </datafield>
  <datafield ind1=" " ind2=" " tag="337">
    <subfield code="a">unmediated</subfield>
    <subfield code="b">n</subfield>
    <subfield code="2">rdamedia</subfield>
  </datafield>
  <datafield ind1=" " ind2=" " tag="338">
    <subfield code="a">volume</subfield>
    <subfield code="b">nc</subfield>
    <subfield code="2">rdacarrier</subfield>
  </datafield>
  <datafield ind1="0" ind2=" " tag="362">
    <subfield code="a">Vol. 4, no. 89 (Mar. 8, 1943)-v. 6, no. 48 (Sept. 11, 1943).</subfield>
  </datafield>
  <datafield ind1="8" ind2=" " tag="521">
    <subfield code="a">"Internment camp paper."</subfield>
  </datafield>
  <datafield ind1=" " ind2=" " tag="530">
    <subfield code="a">Available on microfilm from the Library of Congress, Photoduplication Service (Japanese camp papers).</subfield>
  </datafield>
  <datafield ind1=" " ind2=" " tag="530">
    <subfield code="a">Also available in digital format on the Library of Congress website.</subfield>
  </datafield>
  <datafield ind1=" " ind2=" " tag="546">
    <subfield code="a">In English and Japanese.</subfield>
  </datafield>
  <datafield ind1=" " ind2=" " tag="550">
    <subfield code="a">Published at the Tule Lake Relocation Center established by the War Relocation Authority.</subfield>
  </datafield>
  <datafield ind1=" " ind2="7" tag="647">
    <subfield code="a">World War</subfield>
    <subfield code="d">(1939-1945)</subfield>
    <subfield code="2">fast</subfield>
    <subfield code="0">(OCoLC)fst01180924</subfield>
    <subfield code="1">https://id.oclc.org/worldcat/entity/E39Qhp4vBbhpRH9XvjbDFXtxhb</subfield>
  </datafield>
  <datafield ind1=" " ind2="7" tag="648">
    <subfield code="a">1939-1945</subfield>
    <subfield code="2">fast</subfield>
  </datafield>
  <datafield ind1=" " ind2="0" tag="650">
    <subfield code="a">Japanese Americans</subfield>
    <subfield code="x">Forced removal and internment, 1942-1945</subfield>
    <subfield code="v">Newspapers.</subfield>
  </datafield>
  <datafield ind1=" " ind2="0" tag="650">
    <subfield code="a">World War, 1939-1945</subfield>
    <subfield code="x">Japanese Americans</subfield>
    <subfield code="v">Newspapers.</subfield>
  </datafield>
  <datafield ind1=" " ind2="0" tag="650">
    <subfield code="a">Japanese Americans</subfield>
    <subfield code="z">California</subfield>
    <subfield code="v">Newspapers.</subfield>
  </datafield>
  <datafield ind1=" " ind2="7" tag="650">
    <subfield code="a">Japanese Americans.</subfield>
    <subfield code="2">fast</subfield>
    <subfield code="0">(OCoLC)fst00981441</subfield>
  </datafield>
  <datafield ind1=" " ind2="6" tag="650">
    <subfield code="a">Américains d'origine japonaise</subfield>
    <subfield code="x">Relogement et internement forcés, 1942-1945</subfield>
    <subfield code="v">Journaux.</subfield>
  </datafield>
  <datafield ind1=" " ind2="0" tag="651">
    <subfield code="a">Newell (Calif.)</subfield>
    <subfield code="v">Newspapers.</subfield>
  </datafield>
  <datafield ind1=" " ind2="0" tag="651">
    <subfield code="a">Modoc County (Calif.)</subfield>
    <subfield code="v">Newspapers.</subfield>
  </datafield>
  <datafield ind1=" " ind2="7" tag="651">
    <subfield code="a">California.</subfield>
    <subfield code="2">fast</subfield>
    <subfield code="0">(OCoLC)fst01204928</subfield>
    <subfield code="1">https://id.oclc.org/worldcat/entity/E39PBJt8p3GDkhpJkC9y6FY3wC</subfield>
  </datafield>
  <datafield ind1=" " ind2="7" tag="651">
    <subfield code="a">California</subfield>
    <subfield code="z">Modoc County.</subfield>
    <subfield code="2">fast</subfield>
    <subfield code="0">(OCoLC)fst01218112</subfield>
    <subfield code="1">https://id.oclc.org/worldcat/entity/E39PBJyMdJ94PpVFGpv3vh9FKd</subfield>
  </datafield>
  <datafield ind1=" " ind2="7" tag="651">
    <subfield code="a">California</subfield>
    <subfield code="z">Newell.</subfield>
    <subfield code="2">fast</subfield>
    <subfield code="0">(OCoLC)fst01222406</subfield>
    <subfield code="1">https://id.oclc.org/worldcat/entity/E39PBJw8XdTPhFRyycjq4KJ4bd</subfield>
  </datafield>
  <datafield ind1=" " ind2="7" tag="655">
    <subfield code="a">Newspapers.</subfield>
    <subfield code="2">fast</subfield>
    <subfield code="0">(OCoLC)fst01423814</subfield>
  </datafield>
  <datafield ind1=" " ind2="7" tag="655">
    <subfield code="a">Newspapers.</subfield>
    <subfield code="2">lcgft</subfield>
  </datafield>
  <datafield ind1=" " ind2="7" tag="655">
    <subfield code="a">Japanese American evacuation and relocation camp newspapers.</subfield>
    <subfield code="2">ngl</subfield>
  </datafield>
  <datafield ind1="2" ind2=" " tag="710">
    <subfield code="a">Tule Lake Relocation Center.</subfield>
    <subfield code="1">https://id.oclc.org/worldcat/entity/E39QH7JmpjD37qKrvG8xTgPHRg</subfield>
  </datafield>
  <datafield ind1="1" ind2=" " tag="710">
    <subfield code="a">United States.</subfield>
    <subfield code="b">War Relocation Authority.</subfield>
  </datafield>
  <datafield ind1="0" ind2=" " tag="730">
    <subfield code="a">Tulean dispatch magazine section.</subfield>
  </datafield>
  <datafield ind1=" " ind2=" " tag="752">
    <subfield code="a">United States</subfield>
    <subfield code="b">California</subfield>
    <subfield code="c">Modoc</subfield>
    <subfield code="d">Newell.</subfield>
  </datafield>
  <datafield ind1="0" ind2="8" tag="776">
    <subfield code="i">Online version:</subfield>
    <subfield code="t">Tulean dispatch daily</subfield>
    <subfield code="x">3069-1656</subfield>
    <subfield code="w">(DLC)  2025202933</subfield>
    <subfield code="w">(OCoLC)793126453</subfield>
  </datafield>
  <datafield ind1="0" ind2="0" tag="780">
    <subfield code="t">Daily Tulean dispatch</subfield>
    <subfield code="x">3067-6231</subfield>
    <subfield code="w">(DLC)sn 84025954</subfield>
    <subfield code="w">(OCoLC)10815247</subfield>
  </datafield>
  <datafield ind1="0" ind2="0" tag="785">
    <subfield code="t">Tulean dispatch (Newell, Calif. : 1943)</subfield>
    <subfield code="x">3069-1680</subfield>
    <subfield code="w">(DLC)sn 85040043</subfield>
    <subfield code="w">(OCoLC)11619035</subfield>
  </datafield>
  <datafield ind1="0" ind2="8" tag="787">
    <subfield code="i">Published concurrently with:</subfield>
    <subfield code="t">Tulean dispatch magazine section</subfield>
    <subfield code="g">1943.</subfield>
  </datafield>
  <datafield ind1=" " ind2=" " tag="850">
    <subfield code="a">DLC</subfield>
  </datafield>
  <datafield ind1="4" ind2="1" tag="859">
    <subfield code="u">https://hdl.loc.gov/loc.sgp/jaicn.sn87062142</subfield>
  </datafield>
  <datafield ind1=" " ind2=" " tag="906">
    <subfield code="a">7</subfield>
    <subfield code="b">cbc</subfield>
    <subfield code="c">serials</subfield>
    <subfield code="d">u</subfield>
    <subfield code="e">ncip</subfield>
    <subfield code="f">19</subfield>
    <subfield code="g">n-oclcserc</subfield>
  </datafield>
  <datafield ind1="0" ind2=" " tag="925">
    <subfield code="a">undetermined</subfield>
    <subfield code="x">policy default</subfield>
  </datafield>
  <datafield ind1=" " ind2=" " tag="955">
    <subfield code="a">db09 2001-08-10</subfield>
    <subfield code="i">db09 2001-08-10 to Serial &amp; Gov. Pub. Div.</subfield>
    <subfield code="k">xf21 2025-09-04</subfield>
  </datafield>
  <datafield ind1="4" ind2="1" tag="856">
    <subfield code="u">https://hdl.loc.gov/loc.sgp/jaicn.sn87062142</subfield>
  </datafield>
  <datafield ind1=" " ind2=" " tag="890">
    <subfield code="a">Tulean disptach daily. (U.S. War Relocation Authority, Newell, Calif.</subfield>
    <subfield code="i">sv 89055181</subfield>
  </datafield>
</record>
